Psychological bases of sport injuries / (Record no. 14211)
[ view plain ]
| 000 -LEADER | |
|---|---|
| fixed length control field | 00402cam a2200133 a 4500 |
| 020 ## - ISBN | |
| International Standard Book Number | 0962792632 |
| 050 00 - LIBRARY OF CONGRESS CALL NUMBER | |
| Classification Number | RD97 |
| Item Number | .P78 1993 |
| 245 00 - TITLE | |
| Title | Psychological bases of sport injuries / |
| Statement of responsibility, etc | David Pargman, editor. |
| 260 ## - PUBLICATION, DISTRIBUTION, ETC.(IMPRINT) | |
| Place of publication, distribution, etc | Morgantown, WV : |
| Name of publisher, distributor, etc | Fitness Information Technology, Inc., |
| Date of publication, distribution, etc | c1993. |
| 300 ## - PHYSICAL DESCRIPTION | |
| Extent | xviii, 302 p. : |
| 650 #0 - SUBJECT--TOPIC | |
| General subdivision | Psychological aspects. |
| 700 1# - ADDED ENTRY--PERSONAL AUTHOR | |
| Personal Name | Pargman, David. |
| 942 ## - ADDED ENTRY ELEMENTS(KOHA) | |
| Source of classification or shelving scheme | Library of Congress Classification |
| Koha item type | General circulation |
| Source of classification or shelving scheme | Not for loan | Location (home branch) | Sublocation (holding branch) | Shelving location | Date accessioned | Full call number | Barcode | Nonpublic note | Koha item type |
|---|---|---|---|---|---|---|---|---|---|
| Library of Congress Classification | Main Campus Library | Main Campus Library | 19/05/2016 | RD97 .P78 1993 | 2016/018354 | amm | General circulation |